| 000 | 00404nam a2200157Ia 4500 | ||
|---|---|---|---|
| 008 | 210210b1986 xxu||||| |||| 00| 0 eng d | ||
| 020 | _a0 571 11773 2 | ||
| 082 | _a796.3342 BATC | ||
| 100 | _aBATTY (Eric G). | ||
| 245 | _aCoaching modern soccer defence. | ||
| 260 |
_aLondon. _bFaber & Faber _c1986 |
||
| 300 | _a128 | ||
| 650 | _aFootball | ||
| 690 | _aAthletic & Outdoor Sports | ||
| 906 | _a041352 | ||
| 999 |
_c91171 _d91171 |
||